Post environmentalism

Αποθηκεύτηκε σε:
Λεπτομέρειες βιβλιογραφικής εγγραφής
Κύριος συγγραφέας: Young, John 1934-
Μορφή: Βιβλίο
Γλώσσα:English
Δημοσίευση: London : Belhaven Press, 1990
Θέματα:
Ετικέτες: Προσθήκη ετικέτας
Δεν υπάρχουν, Καταχωρήστε ετικέτα πρώτοι!

MARC

LEADER 00000nam a2200000 i 4500
001 1/103849
008 950522s1990 eng d
020 |a 1-85293-250-3 
035 |l 10013047 
040 |a GR-MY-UA  |b gre  |e aacr 
041 0 |a eng 
082 0 |a 363.7 
100 1 |a Young, John  |d 1934- 
245 1 0 |a Post environmentalism /  |c John Young 
260 |a London :   |b Belhaven Press,   |c 1990 
300 |a x, 225 p.;  |b ill.;  |c 24 cm 
504 |a Includes bibliographic references and index 
650 0 0 |a Environmental policy  |x Citizen participation. 
650 0 0 |a Economic development  |x Environmental aspects. 
650 0 0 |a Green movement. 
650 0 0 |a Human ecology. 
852 |a INST  |b LESVOS  |e 19950522  |h 363.7 WIL  |p 005100000684  |q 005100000684  |t BK  |y 0 
909 |a Λ  |b 023839